000 00649nam a22001937a 4500
005 20170721144047.0
010 _aENG-119278
020 _a9788180642180
_c250.00
035 _aEN-102810
037 _bDBAD/PUB
082 _a320.42095414
100 _aHore,Bratati
245 _aWomen participation in communist frontal movements :
_cby Bratati Hore
_ba case study of Bengal 1942-1947 /
260 _bProgressive Publishers
_aKolkata
_c2016
270 _a37A,College Street
_bKolkata
_e700073
300 _a328p.
_c22cm (Hb)
500 _aIncludes bibliographical references and index
942 _2ddc
_cEN
_h320.72095414
_mHOR
999 _c142771
_d142771